| 000 | 00998cam a22001934a 4500 | ||
|---|---|---|---|
| 005 | 20250605164352.0 | ||
| 008 | 250528s ||||||||||||||||||||||||d | ||
| 035 | _a24137 | ||
| 040 |
_aGR-AtMCL _bgre _dGR-AtMCL _eAACR2 |
||
| 245 | 1 | _aHow to Detect and Manage Dyslexia / A Reference and Resource Manual | |
| 250 | _a1st | ||
| 260 |
_aWyvern, Bristol _bHeinemann, _c1997 |
||
| 300 | _a408 | ||
| 520 | _aThis book is an essential reference for special educational needs coordinators and specialist and non-specialist teachers - parents and all others involved in helping students to overcome dyslexia. Foreword, A Century of Delay and Debate, Early Identification, Spoken Language, Reading, Handwriting, Spelling, Mathematics, Adolescence, Further and Higher Education, Computers, Music, The Adult Dyslexic, Education Regulation, The Eyes, Towards a Better Understanding, References, Appendices, Index. | ||
| 700 | 1 |
_aOtt Philomena _99404 |
|
| 942 | _cBK | ||
| 999 |
_c9035 _d9035 |
||